Music Quiz

Random Music or Actor Quiz
Score 0/20 Timer 05:00
0 Plays Today
% Correct
Bing Crosby
98.1%
Olivia Newton John
94.3%
Patrick Swayze
86.8%
Jennifer Lopez
86.8%
Eddie Murphy
83%
Barbra Streisand
81.1%
Will Smith
75.5%
Kylie Minogue
75.5%
Mark Whalberg
75.5%
Don Johnson
73.6%
% Correct
David Soul
69.8%
Richard Harris
69.8%
Nicole Kidman
69.8%
David Hasselhoff
66%
Bruce Willis
64.2%
Kate Winslet
58.5%
Zac Efron
56.6%
Kris Kristofferson
56.6%
Jamie Foxx
54.7%
Jeff Bridges
52.8%
Remove Ads.
Support Sporcle.
Get the best of Sporcle when you Go Orange. This ad-free experience offers more features, more stats, and more fun while also helping to support Sporcle. Thank you for becoming a member.

You're not logged in!

Compare scores with friends on all Sporcle quizzes.
OR
Log In

Show Comments

Extras

Top Quizzes Today


Score Distribution

Your Account Isn't Verified!

In order to create a playlist on Sporcle, you need to verify the email address you used during registration. Go to your Sporcle Settings to finish the process.

Report this User

Report this user for behavior that violates our Community Guidelines.

Details: